Лінгвістичний аналіз іміджу політичного лідера (на матеріалі промов американського президента Джорджа Буша Мл.) (Запис № 284168)

МАРК-запис
000 -LEADER
fixed length control field 01817nam a22001577a 4500
041 ## - LANGUAGE CODE
Language code of text/sound track or separate title ukr
080 ## - UNIVERSAL DECIMAL CLASSIFICATION NUMBER
Universal Decimal Classification number 09
090 ## - LOCALLY ASSIGNED LC-TYPE CALL NUMBER (OCLC); LOCAL CALL NUMBER (OCLC)
Local cutter number (OCLC) ; Book number/undivided call number, CALL (RLIN) КОВ
100 ## - MAIN ENTRY--PERSONAL NAME
Personal name Ковальчук Я.І.
245 ## - TITLE STATEMENT
Title Лінгвістичний аналіз іміджу політичного лідера (на матеріалі промов американського президента Джорджа Буша Мл.)
260 ## - PUBLICATION, DISTRIBUTION, ETC. (IMPRINT)
Place of publication, distribution, etc Острог
Name of publisher, distributor, etc КАФ
Date of publication, distribution, etc 2009
300 ## - PHYSICAL DESCRIPTION
Extent 80
520 ## - SUMMARY, ETC.
Summary, etc ВСТУП<br/>РОЗДІЛ 1 ТЕОРЕТИЧНІ ОСНОВИ АНАЛІЗУ ТЕКСТІВ ПОЛІТИЧНИХ ПРОМОВ<br/>1.1 Політична промова як частина політичного дискурсу.<br/>1.2 Методи аналізу політичних промов.<br/>1.2.1 Психологічний аналіз.<br/>1.2.2 Мотиваційний аналіз.<br/>1.2.3 Контент-аналіз.<br/>РОЗДІЛ 2 КОМУНІКАТИВНІ ОСОБЛИВОСТІ ПРОМОВ ПРЕЗИДЕНТА США ДЖОРДЖА БУША (МЛ.)<br/>2.1 Психологічний рівень аналізу промов.<br/>2.2 Мотиваційний рівень аналізу промов.<br/>2.3 Контент-аналіз політичних промов.<br/>РОЗДІЛ 3 УДОСКОНАЛЕННЯ ЗАСОБІВ ВПЛИВУ НА ЦІЛЬОВУ АУДИТОРІЮ У ПОЛІТИЧНІЙ ПРОМОВІ.<br/>3.1 Історичний розвиток спічрайтингу як мистецтва написання політичних промов.<br/>3.2 Створення матриці політичної промови на основі результатів психолінгвістичного аналізу.<br/>ВИСНОВКИ
-- політичні промови, Джордж Буш
650 ## - SUBJECT ADDED ENTRY--TOPICAL TERM
Topical term or geographic name as entry element Research Papers
942 ## - ADDED ENTRY ELEMENTS (KOHA)
Koha item type Книги
Фонди
Withdrawn status Lost status Source of classification or shelving scheme Damaged status Not for loan Home library Current library Date acquired Source of acquisition Cost, normal purchase price Total Checkouts Full call number Barcode Date last seen Price effective from Koha item type
    Universal Decimal Classification     ВІЛ - Відділ іноземн. літератури НБ ВІЛ - Відділ іноземн. літератури НБ 16/04/2009 Акт №1 1.00   09 213473 20/12/2021 16/04/2009 Книги